| 000 | 00949nam a2200241 a 4500 | ||
|---|---|---|---|
| 001 | 60227 | ||
| 003 | BD-RjUL | ||
| 005 | 20211209080821.0 | ||
| 008 | 161229s1993 bg ||||| |||| 00| 0 ben d | ||
| 020 | _c: TK 130.00 | ||
| 035 | _a(BD-RjUL)60351 | ||
| 040 |
_aBD-RjUL _bben _cBD-RjUL |
||
| 041 | _aben | ||
| 082 |
_223 _a351.1095492 _bMIB 1993 |
||
| 100 |
_aমিয়া, মোহাম্মদ ফিরোজ _9179282 |
||
| 245 | 1 | 0 |
_aবাংলাদেশ সার্ভিস রুলস : _bপার্ট-১ ও পার্ট-২ / _cমোহাম্মদ ফিরোজ মিয়া |
| 250 | _a২য় সং. | ||
| 260 |
_aঢাকা : _bশাহিনা ফিরোজ, _c১৯৯৩ |
||
| 300 |
_a২৮০ পৃ. ; _c২১ সেমি. |
||
| 650 |
_aসার্ভিস রুলস _zবাংলাদেশ _9179283 |
||
| 650 |
_aService Rules _zBangladesh _9179284 |
||
| 942 |
_2ddc _cBK |
||
| 999 |
_c60227 _d60227 |
||